000 00500nam a22001937a 4500
003 LK-CoDNM
005 20250121131140.0
008 250121b |||||||| |||| 00| 0 eng d
040 _aLK-CoDNM
_dLK-CoDNM
_eLK-CoDNM
041 _aeng
080 _a11
_bX15
100 _aEden,T
245 _aImperial Bureau of soil science
250 _aTechnical Communication No 28
260 _aEngland
_bImperial bureau of soil science
_c1933
300 _a30p ; 28 cm
650 _aScience
942 _cBK
999 _c237174
_d237174